[Event "Coppa del Mondo FIDE 2025"]
[Site "Goa"]
[Date "13.11.2025"]
[Round "3C"]
[White "Dubov, Daniil"]
[Black "Praggnanandhaa, R"]
[Result "1/2-1/2"]
[WhiteElo "2684"]
[BlackElo "2771"]
[EventDate "2025.11.01"]
[EventType "k.o."]

1. d4 Nf6 2. Nf3 d5 3. c4 e6 4. Nc3 h6 5. cxd5 exd5 6. Bf4 Bd6 7. Bxd6 Qxd6
8. e3 O-O 9. Qc2 Bg4 10. Ne5 Nbd7 11. Nxg4 Nxg4 12. Be2 1/2-1/2

[Event "Coppa del Mondo FIDE 2025"]
[Site "Goa"]
[Date "13.11.2025"]
[Round "3C"]
[White "Keymer, Vincent"]
[Black "Esipenko, Andrey"]
[Result "1/2-1/2"]
[WhiteElo "2755"]
[BlackElo "2693"]
[EventDate "2025.11.01"]
[EventType "k.o."]

1. e4 e5 2. Nf3 Nc6 3. Bb5 a6 4. Ba4 Nf6 5. O-O b5 6. Bb3 Bc5 7. a4 Rb8 8.
Nxe5 Nxe5 9. d4 Bxd4 10. Qxd4 d6 11. f3 c5 12. Qf2 O-O 13. Nc3 c4 14. Ba2
b4 15. Ne2 Be6 16. h3 Qc7 17. Bg5 Ned7 18. Rfd1 h6 19. Be3 Rbc8 20. Nf4 Qb8
21. Qe2 b3 22. Nxe6 fxe6 23. cxb3 cxb3 24. Bb1 Nc5 25. Bd3 Nxd3 26. Qxd3 d5
27. Qxa6 dxe4 28. Qxe6+ Kh8 29. f4 Rc2 30. Qe5 Qc8 31. Rac1 Qc4 32. Qb5 Qf7
33. a5 Rxb2 34. Rb1 Ra2 35. Qxb3 Rxa5 36. Qxf7 Rxf7 37. Rb4 Nd5 38. Rxe4
Nxe3 1/2-1/2

[Event "Coppa del Mondo FIDE 2025"]
[Site "Goa"]
[Date "13.11.2025"]
[Round "3C"]
[White "Maghsoodloo, Parham"]
[Black "Wei, Yi"]
[Result "1/2-1/2"]
[WhiteElo "2697"]
[BlackElo "2754"]
[EventDate "2025.11.01"]
[EventType "k.o."]

1. c4 Nf6 2. Nc3 c5 3. Nf3 e6 4. g3 d5 5. cxd5 exd5 6. d4 Nc6 7. Be3 c4 8.
Bg5 Be7 9. Bg2 O-O 10. O-O Be6 11. e3 Ne4 12. Bxe7 Qxe7 13. Qe2 Nxc3 14.
bxc3 b5 15. a3 Bf5 16. Qb2 Rab8 17. Nd2 Qd6 18. e4 dxe4 19. Nxe4 Bxe4 20.
Bxe4 a5 21. Rfe1 g6 22. Bg2 Rfc8 23. Qe2 b4 24. axb4 axb4 25. d5 Nd8 26.
cxb4 Rxb4 27. Qe8+ Kg7 28. Ra7 Rcb8 29. Rd7 Qf6 30. Rc7 Rb1 31. Bf1 Nc6 32.
Rxb1 Rxe8 33. Rxc6 Qf5 34. Rc1 Qxd5 35. R6xc4 Re6 36. Rf4 g5 37. Rfc4 Rf6
38. R4c2 h5 39. Rc5 Qd4 40. R1c2 Kg6 41. R5c4 Qd1 42. Rc1 Qf3 43. R4c2 h4
44. Bg2 Qf5 45. Re2 Kh6 46. Rce1 Qc5 47. Re3 Rf5 48. Bf3 Qc2 49. g4 Rf4 50.
h3 Qd2 51. Kg2 Rf6 52. Rd1 Qc2 53. Rd8 Re6 54. Rxe6+ fxe6 55. Rd6 Qg6 56.
Bc6 Kg7 57. Bf3 Qf7 58. Rb6 Qf6 59. Rb7+ Kf8 60. Ra7 Qd4 61. Ra5 e5 62. Rd5
Qf4 63. Rd3 Ke7 64. Re3 Kd6 65. Re4 Qd2 66. Re3 Qd4 67. Be4 Ke7 68. Bd3
Qd5+ 69. Kg1 Qd4 70. Rf3 Qa1+ 71. Bf1 e4 72. Re3 Qb1 73. Kg2 Kd6 74. Bc4
Qc2 75. Bf7 Ke5 76. Bg6 Kf6 77. Bxe4 Qc4 78. Bf3 Qd4 79. Ra3 Qd2 80. Ra6+
Ke5 81. Ra8 Kf6 82. Rf8+ Kg7 83. Rf5 Qc1 84. Be4 Qd2 85. Rd5 Qf4 86. Rd7+
Kf6 87. Bf3 Qc1 88. Rd1 Qf4 89. Rb1 Qd2 90. Rb5 Kg7 91. Rd5 Qc1 92. Rd1 Qf4
93. Re1 Kf6 94. Re3 Kg7 95. Kg1 Qb4 96. Bg2 Qb1+ 97. Bf1 Kf6 98. Rf3+ Kg7
99. Rf5 Qc1 100. Ra5 Qd2 101. Rc5 Qf4 102. Bd3 Qd2 103. Bf1 Qf4 104. Bd3
Qd2 105. Bf1 1/2-1/2

[Event "Coppa del Mondo FIDE 2025"]
[Site "Goa"]
[Date "13.11.2025"]
[Round "3C"]
[White "Grandelius, Nils"]
[Black "Harikrishna, Pentala"]
[Result "1/2-1/2"]
[WhiteElo "2645"]
[BlackElo "2697"]
[EventDate "2025.11.01"]
[EventType "k.o."]

1. e4 e5 2. Nf3 Nc6 3. Bb5 a6 4. Ba4 Nf6 5. O-O Be7 6. Re1 b5 7. Bb3 O-O 8.
a4 b4 9. a5 d6 10. c3 Rb8 11. h3 h6 12. d4 bxc3 13. bxc3 exd4 14. Nxd4 Nxd4
15. cxd4 c5 16. d5 Nd7 17. Nd2 Ne5 18. Nc4 Bf6 19. Ra2 Nxc4 20. Bxc4 Bd7
21. Bxa6 Ra8 22. Qd3 Bd4 23. Be3 Bxe3 24. Rxe3 Qc7 25. e5 Rfb8 26. exd6
Qxd6 27. Bc4 Rb4 28. Qc3 Bb5 29. Bxb5 Rxb5 30. Qe5 Qxe5 31. Rxe5 Rbxa5 32.
Rxa5 Rxa5 33. d6 Ra1+ 34. Kh2 Rd1 35. Rxc5 Rxd6 1/2-1/2

[Event "Coppa del Mondo FIDE 2025"]
[Site "Goa"]
[Date "13.11.2025"]
[Round "3C"]
[White "Lodici, Lorenzo"]
[Black "Sevian, Samuel"]
[Result "1/2-1/2"]
[WhiteElo "2560"]
[BlackElo "2698"]
[EventDate "2025.11.01"]
[EventType "k.o."]

1. e4 e5 2. Nf3 Nc6 3. Bc4 Bc5 4. d3 Nf6 5. Be3 Bb6 6. O-O d6 7. a4 h6 8.
Qe1 Na5 9. Ba2 c5 10. Nc3 Nc6 11. Nd2 Nb4 12. Bb3 Be6 13. Qd1 O-O 14. Nc4
Bc7 15. f4 exf4 16. Bxf4 d5 17. Bxc7 Qxc7 18. exd5 Nfxd5 19. Nb5 Qd8 20.
Qd2 Nc6 21. Rae1 a6 22. Nbd6 Rb8 23. a5 Nd4 24. Ba2 Nb4 25. Bb1 Nb5 26. Ne4
Nc6 27. Qf2 Nxa5 28. Nxa5 Qxa5 29. Nxc5 Rbc8 30. Nxe6 fxe6 31. Qe3 Rxf1+
32. Rxf1 Nc7 33. Qf2 Qh5 34. d4 Nd5 35. c3 Nf6 36. Qc2 Rf8 37. h3 Qg5 38.
Qe2 Re8 39. Ba2 Nd5 40. Qf3 Kh8 41. Qf7 Qe7 42. Bxd5 Qxf7 43. Rxf7 exd5 44.
Rxb7 Re2 45. Kh2 Kh7 46. Kg3 a5 47. Rb5 a4 48. Rb4 g5 49. Rxa4 Rxb2 50. Ra5
Rc2 51. Rxd5 Rxc3+ 52. Kg4 Rc2 53. g3 Rc3 54. Rd7+ Kg6 55. Rd6+ Kg7 56. h4
gxh4 57. gxh4 Rd3 58. Kh5 Kf7 59. Kxh6 Ke7 60. Rd5 Ke6 61. Re5+ Kf6 62. Re4
Kf5 63. Re5+ Kf6 64. Re4 Kf5 65. Re1 Rxd4 66. h5 Rg4 67. Rf1+ Ke6 68. Kh7
Ke7 69. h6 Rg2 70. Kh8 Rg3 71. h7 Rg2 72. Rf4 Rg1 73. Rf2 1/2-1/2

[Event "Coppa del Mondo FIDE 2025"]
[Site "Goa"]
[Date "13.11.2025"]
[Round "3C"]
[White "Sargissian, Gabriel"]
[Black "Liang, Awonder"]
[Result "1-0"]
[WhiteElo "2624"]
[BlackElo "2710"]
[EventDate "2025.11.01"]
[EventType "k.o."]

1. d4 Nf6 2. Nf3 g6 3. c4 Bg7 4. g3 O-O 5. Bg2 d6 6. O-O Nbd7 7. Nc3 e5 8.
h3 Re8 9. e4 b6 10. d5 Nc5 11. Re1 a5 12. b3 Nh5 13. Bg5 Qd7 14. Rb1 h6 15.
Be3 f5 16. exf5 gxf5 17. Bxc5 bxc5 18. Ng5 Nf6 19. Ne6 Qf7 20. Nb5 Re7 21.
Qf3 Ne8 22. g4 fxg4 23. hxg4 Qxf3 24. Bxf3 Ra6 25. Nd8 a4 26. b4 cxb4 27.
Rxb4 Bf6 28. Bd1 c5 29. Rb1 h5 30. Ne6 Bxe6 31. dxe6 Ng7 32. gxh5 Nxe6 33.
Bf3 Kh7 34. Nc3 Rg7+ 35. Kf1 Bh4 36. Be4+ Kh6 37. Bg6 Nf4 38. Ne4 Nxg6 39.
hxg6 Kxg6 40. Red1 Be7 41. Nc3 Rf7 42. Nd5 Bh4 43. Rd2 Bg5 44. Rd3 Rh7 45.
Ke2 Rh4 46. Rg1 Re4+ 47. Re3 Rxe3+ 48. fxe3 Ra7 49. Rb1 e4 50. Rb6 Rh7 51.
Rxd6+ Kf5 52. Rc6 Rh2+ 53. Kd1 Kg4 54. Rxc5 Kf3 55. Rc8 Rxa2 56. Rf8+ Kg4
57. c5 a3 58. c6 Ra1+ 59. Kc2 a2 60. Ra8 Bd8 61. Nc3 Bc7 62. Rxa2 Rh1 63.
Ra7 Be5 64. Re7 Kf5 65. c7 Rh8 66. Nd5 Rc8 67. Kb3 Bd6 68. Kc4 Ra8 69. Rh7
Ke5 70. Nb6 Ra4+ 71. Nxa4 1-0

[Event "Coppa del Mondo FIDE 2025"]
[Site "Goa"]
[Date "13.11.2025"]
[Round "3C"]
[White "Rapport, Richard"]
[Black "Shankland, Sam"]
[Result "0-1"]
[WhiteElo "2724"]
[BlackElo "2654"]
[EventDate "2025.11.01"]
[EventType "k.o."]

1. e4 c6 2. d4 d5 3. e5 Bf5 4. Nd2 e6 5. Nb3 Nd7 6. h4 h5 7. Be2 Ne7 8. c3
a5 9. a4 Qb6 10. g3 Ng6 11. Be3 Be7 12. Nf3 Bg4 13. Nfd2 Bxe2 14. Qxe2 Qa6
15. c4 Nb6 16. c5 Qxe2+ 17. Kxe2 Nd7 18. Nc1 Bd8 19. Nd3 f6 20. f4 Ne7 21.
Nf3 Nf5 22. Bf2 Kf7 23. Rhc1 Be7 24. Rab1 Rhb8 25. Rc2 Ra6 26. Be1 Bd8 27.
b3 Ke8 28. Kf2 b6 29. cxb6 Raxb6 30. Rcb2 R6b7 31. Ke2 Be7 32. Rc2 Rxb3 33.
Rxb3 Rxb3 34. Rxc6 Kf7 35. Ra6 Ra3 36. Rxa5 Ra2+ 37. Bd2 Nb6 38. Nc1 Nxg3+
39. Kd1 Rxa4 40. Rxa4 Nxa4 41. Be1 Nf5 42. Ke2 Nb6 43. Nb3 Nd7 44. exf6
gxf6 0-1

[Event "Coppa del Mondo FIDE 2025"]
[Site "Goa"]
[Date "13.11.2025"]
[Round "3C"]
[White "Yu, Yangyi"]
[Black "Sindarov, Javokhir"]
[Result "1/2-1/2"]
[WhiteElo "2720"]
[BlackElo "2721"]
[EventDate "2025.11.01"]
[EventType "k.o."]

1. c4 e6 2. g3 d5 3. Bg2 Nf6 4. Nf3 Be7 5. d4 O-O 6. Nc3 Nbd7 7. b3 b6 8.
O-O Bb7 9. Bb2 c5 10. Ne1 Ne4 11. cxd5 Nxc3 12. Bxc3 Bxd5 13. Bxd5 exd5 14.
Rc1 Rc8 15. dxc5 Nxc5 16. Bd4 Qd7 17. e3 Qf5 18. Ng2 Ne6 19. Rxc8 Rxc8 20.
Nf4 Nxf4 21. exf4 f6 22. Re1 Bc5 23. Kg2 Kf7 24. Qd2 Rc7 25. Bxc5 bxc5 26.
Qe2 Kg6 27. Qe8+ Kh6 28. h3 Qd7 29. Qxd7 Rxd7 30. Rc1 Rc7 31. Rd1 Rd7 32.
Rc1 Rc7 33. Rd1 1/2-1/2

[Event "Coppa del Mondo FIDE 2025"]
[Site "Goa"]
[Date "13.11.2025"]
[Round "3D"]
[White "Sargsyan, Shant"]
[Black "Svane, Frederik"]
[Result "1/2-1/2"]
[WhiteElo "2667"]
[BlackElo "2638"]
[EventDate "2025.11.01"]
[EventType "k.o."]

1. d4 Nf6 2. c4 e6 3. Nf3 d5 4. g3 Be7 5. Bg2 O-O 6. Qd3 b6 7. cxd5 Nxd5 8.
O-O Ba6 9. Qc2 Nd7 10. Nc3 Bb7 11. Nxd5 exd5 12. Bf4 c5 13. dxc5 bxc5 14.
Rfd1 Qb6 15. e3 h6 16. h4 Rfd8 17. Rac1 a5 18. b3 Qe6 19. a3 Bf8 20. Qd2
Qb6 21. Qc2 Qe6 22. Qc3 a4 23. b4 cxb4 24. Qc7 Qa6 25. Bf1 Qa7 26. axb4
Bxb4 27. Bxh6 gxh6 28. Qf4 Bf8 29. Rc7 Qb6 30. Rxd7 Rxd7 31. Qg4+ Bg7 32.
Qxd7 a3 33. Nd4 a2 34. Nf5 a1=Q 35. Rxa1 Rxa1 36. Qe8+ Bf8 37. Ne7+ Kg7 38.
Nf5+ Kg8 39. Ne7+ Kg7 1/2-1/2

[Event "Coppa del Mondo FIDE 2025"]
[Site "Goa"]
[Date "13.11.2025"]
[Round "3D"]
[White "Erigaisi, Arjun"]
[Black "Leko, Peter"]
[Result "1-0"]
[WhiteElo "2773"]
[BlackElo "2666"]
[EventDate "2025.11.01"]
[EventType "k.o."]

1. d4 Nf6 2. c4 e6 3. Nc3 Bb4 4. Qc2 d5 5. cxd5 exd5 6. Bg5 h6 7. Bh4 Nc6
8. e3 g5 9. Bg3 Ne4 10. Bd3 f5 11. Ne2 O-O 12. f3 Nxg3 13. hxg3 Kg7 14. a3
Bxc3+ 15. Nxc3 Be6 16. O-O-O Ne7 17. e4 fxe4 18. fxe4 Bg4 19. Rde1 c6 20.
Qd2 Qd6 21. exd5 cxd5 22. Re5 Nf5 23. Rxd5 Qxg3 24. Rd7+ Rf7 25. Ne4 Qf4
26. Rxf7+ Kxf7 27. Qxf4 gxf4 28. Nf2 Ne3 29. Nxg4 Nxg4 30. Rh4 Nf6 31. Rxf4
Ke7 32. Be4 Nxe4 33. Rxe4+ Kd7 34. Rg4 Rf8 35. Kd2 Rf6 36. Kd3 Kc6 37. a4
Kd5 38. Rh4 Rg6 39. g4 a6 40. a5 Ke6 41. Ke4 Kd6 42. b4 Re6+ 43. Kd3 Rg6
44. Kc4 Rf6 45. Rh5 Rg6 46. Rf5 Rxg4 47. Rf6+ Kc7 48. Rxh6 Rg1 49. Rh7+ Kc6
50. d5+ Kd6 51. Rxb7 Rc1+ 52. Kd4 Rd1+ 53. Kc3 Rc1+ 54. Kb2 Rf1 55. Rb6+
Kxd5 56. Rxa6 Kc4 57. Rb6 Kd5 1-0

[Event "Coppa del Mondo FIDE 2025"]
[Site "Goa"]
[Date "13.11.2025"]
[Round "3D"]
[White "Praggnanandhaa, R"]
[Black "Dubov, Daniil"]
[Result "0-1"]
[WhiteElo "2771"]
[BlackElo "2684"]
[EventDate "2025.11.01"]
[EventType "k.o."]

1. e4 e5 2. Nf3 Nc6 3. Bc4 Nf6 4. d4 d6 5. d5 Nb8 6. Nc3 Be7 7. a4 a5 8.
Qe2 c6 9. h3 Na6 10. O-O O-O 11. Rd1 Qc7 12. Bg5 h6 13. Bxf6 Bxf6 14. Nd2
Nc5 15. Ba2 Be7 16. Nc4 Bd7 17. Rab1 Rad8 18. b4 axb4 19. Rxb4 Ra8 20. Nb6
Ra7 21. Nxd7 Qxd7 22. Qf3 Raa8 23. Qf5 Qc7 24. Qg4 Kh7 25. h4 Bd8 26. h5
Qe7 27. dxc6 bxc6 28. Bb3 Ba5 29. Rc4 Rad8 30. Qf3 Kh8 31. Ne2 d5 32. exd5
cxd5 33. Rg4 e4 34. Qf5 e3 35. Bxd5 exf2+ 36. Qxf2 Bb6 37. Kh1 Nd3 38. Qxb6
Qxe2 39. Rxd3 Qxg4 40. Kg1 Qxa4 41. c4 Qa1+ 42. Kf2 Qe5 43. Qd4 Qxh5 44.
Rg3 Qf5+ 45. Kg1 f6 46. Kh2 Rfe8 47. Qb6 Qh5+ 48. Rh3 Qe5+ 49. Rg3 Qd6 50.
Qa7 Re7 51. Qf2 Re5 52. Kg1 Rde8 53. Kf1 0-1

[Event "Coppa del Mondo FIDE 2025"]
[Site "Goa"]
[Date "13.11.2025"]
[Round "3D"]
[White "Esipenko, Andrey"]
[Black "Keymer, Vincent"]
[Result "1/2-1/2"]
[WhiteElo "2693"]
[BlackElo "2755"]
[EventDate "2025.11.01"]
[EventType "k.o."]

1. e4 e5 2. Nf3 Nc6 3. Bc4 Nf6 4. d3 Bc5 5. Be3 Bb6 6. Qe2 d6 7. a3 O-O 8.
Nbd2 Bxe3 9. fxe3 Rb8 10. h3 b5 11. Ba2 Be6 12. Bxe6 fxe6 13. b4 a5 14. c3
Ne7 15. O-O Qd7 16. bxa5 Ra8 17. a4 Rxa5 18. axb5 Rxb5 19. d4 Ng6 20. Ra7
Rfb8 21. Qc4 R5b7 22. Rxb7 Rxb7 23. dxe5 dxe5 24. Ra1 1/2-1/2

[Event "Coppa del Mondo FIDE 2025"]
[Site "Goa"]
[Date "13.11.2025"]
[Round "3D"]
[White "Wei, Yi"]
[Black "Maghsoodloo, Parham"]
[Result "1/2-1/2"]
[WhiteElo "2754"]
[BlackElo "2697"]
[EventDate "2025.11.01"]
[EventType "k.o."]

1. e4 c6 2. d4 d5 3. exd5 cxd5 4. Bd3 Nc6 5. c3 e6 6. Nf3 Bd6 7. O-O Nge7
8. Re1 O-O 9. b3 Ng6 10. Ba3 Nce7 11. Bxd6 Qxd6 12. a4 Bd7 13. Na3 Rac8 14.
c4 dxc4 15. bxc4 b6 16. Nb5 Qb8 17. Ne5 Rfd8 18. Qf3 Nxe5 19. dxe5 Bxb5 20.
axb5 Ng6 21. Bxg6 hxg6 22. Re4 Rc5 23. Qe2 Rd7 24. h4 Qd8 25. Ra3 Rd1+ 26.
Kh2 Rd2 27. Qe3 Rc7 28. Qf4 Rcd7 29. Rf3 Qe7 30. Qe3 Qb4 31. Ref4 Rd1 32.
Rxf7 Rxf7 33. Rxf7 Kxf7 34. Qf3+ Ke8 35. Qxd1 Qxc4 36. Qd6 Qxh4+ 37. Kg1
Qe7 38. Qb8+ Kf7 39. Qc8 g5 40. g4 Qe8 41. Qc7+ Kg6 42. Qc6 Qe7 43. Qc2+
Kf7 44. Qc8 Kg6 45. Qh8 Kf7 46. Qc8 Qe8 47. Qc7+ Kf8 48. Qxa7 Qxb5 49. Qb8+
Kf7 50. Qb7+ Kf8 51. Qb8+ Ke7 52. Qd6+ Kf7 53. Qc7+ Kg6 54. Qc2+ Kh6 55.
Qc8 Qxe5 56. Qh8+ Kg6 57. Qe8+ Kf6 58. Qf8+ Kg6 59. Qe8+ Kf6 1/2-1/2

[Event "Coppa del Mondo FIDE 2025"]
[Site "Goa"]
[Date "13.11.2025"]
[Round "3D"]
[White "Harikrishna, Pentala"]
[Black "Grandelius, Nils"]
[Result "1-0"]
[WhiteElo "2697"]
[BlackElo "2645"]
[EventDate "2025.11.01"]
[EventType "k.o."]

1. e4 e5 2. Nf3 Nc6 3. Bc4 Nf6 4. d3 h6 5. c3 d6 6. O-O a6 7. a4 g6 8. b4
Bg7 9. Nbd2 O-O 10. Ba3 Re8 11. b5 Na5 12. Ba2 b6 13. Re1 Nb7 14. Bb4 Be6
15. Bxe6 Rxe6 16. d4 Qd7 17. Qe2 a5 18. Ba3 exd4 19. cxd4 Rae8 20. Qd3 Nd8
21. Rac1 R6e7 22. d5 Nh5 23. g3 Qg4 24. Qc4 Rd7 25. e5 Qxc4 26. Nxc4 dxe5
27. d6 e4 28. Nce5 Rxd6 29. Bxd6 cxd6 30. Nc4 Nb7 31. Nxb6 Nc5 32. Nd2 Nd3
33. Rxe4 Rxe4 34. Rc8+ 1-0

[Event "Coppa del Mondo FIDE 2025"]
[Site "Goa"]
[Date "13.11.2025"]
[Round "3D"]
[White "Sevian, Samuel"]
[Black "Lodici, Lorenzo"]
[Result "1/2-1/2"]
[WhiteElo "2698"]
[BlackElo "2560"]
[EventDate "2025.11.01"]
[EventType "k.o."]

1. e4 e5 2. Nf3 Nc6 3. Bc4 Nf6 4. d3 h6 5. O-O d6 6. a4 Be7 7. Re1 Be6 8.
Bxe6 fxe6 9. c3 a5 10. Nbd2 O-O 11. Qb3 Qd7 12. Nf1 Nh5 13. Qd1 Qe8 14. Ng3
Nf4 15. Bxf4 Rxf4 16. Qb3 Qc8 17. Nf5 Kh7 18. Nxe7 Nxe7 19. d4 Ng6 20. dxe5
Rxf3 21. gxf3 Nxe5 22. Re3 g5 23. Kf1 b6 24. Ke1 Qd7 25. h4 gxh4 26. f4 Ng6
27. e5 Nxf4 28. Qc2+ Kh8 29. Qe4 Rf8 30. exd6 cxd6 31. Rd1 e5 32. Kd2 Re8
33. Rde1 Rg8 34. Rf3 Qf7 35. Qc6 Rg6 36. Kc2 d5 37. Qc8+ Rg8 38. Qc6 Rg6
39. Qc8+ Rg8 40. Qc6 1/2-1/2

[Event "Coppa del Mondo FIDE 2025"]
[Site "Goa"]
[Date "13.11.2025"]
[Round "3D"]
[White "Vachier-Lagrave, Maxime"]
[Black "Grebnev, Aleksey"]
[Result "1/2-1/2"]
[WhiteElo "2737"]
[BlackElo "2611"]
[EventDate "2025.11.01"]
[EventType "k.o."]

1. e4 e5 2. Nf3 Nf6 3. d4 Nxe4 4. Bd3 Nc6 5. Nxe5 Nxe5 6. dxe5 Nc5 7. Bf4
d6 8. exd6 Bxd6 9. Bb5+ Bd7 10. Bxd6 Bxb5 11. Bxc5 Qg5 12. Qd4 Qc1+ 13. Qd1
Qg5 14. a4 Qxg2 15. axb5 Qxh1+ 16. Ke2 Qe4+ 17. Be3 Qg4+ 18. Ke1 Qg1+ 19.
Ke2 Qg4+ 20. Ke1 Qg1+ 21. Ke2 1/2-1/2

[Event "Coppa del Mondo FIDE 2025"]
[Site "Goa"]
[Date "13.11.2025"]
[Round "3D"]
[White "Liang, Awonder"]
[Black "Sargissian, Gabriel"]
[Result "1/2-1/2"]
[WhiteElo "2710"]
[BlackElo "2624"]
[EventDate "2025.11.01"]
[EventType "k.o."]

1. e4 e5 2. Nf3 Nc6 3. Bc4 Nf6 4. d3 Be7 5. O-O O-O 6. Re1 d6 7. a4 Na5 8.
Ba2 c5 9. Bd2 Nc6 10. Na3 h6 11. h3 a6 12. Nc4 Be6 13. a5 Rb8 14. Ne3 Qd7
15. Nd5 Bd8 16. Bb3 Nh7 17. Ba4 Qc8 18. c4 f5 19. b4 cxb4 20. Rc1 fxe4 21.
dxe4 Nf6 22. Re3 Nd7 23. Bxc6 bxc6 24. Nxb4 Nc5 25. Be1 Be7 26. Nd3 Nxd3
27. Rxd3 c5 28. Nh2 Qc6 29. Qe2 Bg5 30. Bd2 Rb2 31. Nf1 Rfb8 32. Qe1 Be7
33. Rg3 Kh7 34. Qe2 Qe8 35. Ne3 Rb1 36. Rxb1 Rxb1+ 37. Kh2 Qf7 38. Nd5 Bd8
39. Qd3 Rb7 40. Rf3 Qe8 41. Bc3 Bg5 42. Nb6 Be7 43. Re3 Rb8 44. Re2 Qg6 45.
Re3 Qe8 46. Rg3 Qf7 47. Qe2 Bd8 48. Nd5 Bxd5 49. cxd5 Rb5 50. Qg4 Bg5 51.
Rf3 Qg6 52. Rf8 Bf4+ 53. g3 Qxg4 54. hxg4 Bc1 55. f4 Rb3 56. fxe5 Rxc3 57.
exd6 Bg5 58. e5 Re3 59. e6 Re5 60. Rc8 c4 61. Kg2 c3 62. e7 Kg6 63. Rxc3
Kf7 64. Rc5 Re2+ 65. Kf3 Re3+ 66. Kf2 Re5 67. Rc6 Rxd5 68. Rxa6 Bxe7 69.
dxe7 Kxe7 70. Ke3 Rg5 71. Kf4 Kf7 72. Ra7+ Kg6 73. Ra6+ Kf7 74. Kf3 Rb5 75.
Ra8 Kg6 76. Ra7 Rg5 77. a6 Ra5 78. Ke4 Kf6 79. Kd4 g6 80. Kc4 Kg5 1/2-1/2

[Event "Coppa del Mondo FIDE 2025"]
[Site "Goa"]
[Date "13.11.2025"]
[Round "3D"]
[White "Shankland, Sam"]
[Black "Rapport, Richard"]
[Result "1-0"]
[WhiteElo "2654"]
[BlackElo "2724"]
[EventDate "2025.11.01"]
[EventType "k.o."]

1. e4 g6 2. d4 Bg7 3. Nc3 d6 4. Be3 a6 5. g4 Nc6 6. h3 e5 7. dxe5 Nxe5 8.
f4 Nd7 9. Qd2 Ngf6 10. O-O-O O-O 11. Bg2 Re8 12. Nge2 Rb8 13. Ba7 Ra8 14.
Be3 h5 15. Bf3 hxg4 16. hxg4 Nb6 17. Bxb6 cxb6 18. g5 Nh7 19. Qxd6 Qxd6 20.
Rxd6 b5 21. Nd5 Rb8 22. Nf6+ Nxf6 23. gxf6 Bh8 24. e5 Be6 25. Rd2 1-0

[Event "Coppa del Mondo FIDE 2025"]
[Site "Goa"]
[Date "13.11.2025"]
[Round "3D"]
[White "Sindarov, Javokhir"]
[Black "Yu, Yangyi"]
[Result "1-0"]
[WhiteElo "2721"]
[BlackElo "2720"]
[EventDate "2025.11.01"]
[EventType "k.o."]

1. e4 e5 2. Nf3 Nf6 3. d4 Nxe4 4. Bd3 d5 5. Nxe5 Nd7 6. Nxd7 Bxd7 7. O-O
Be7 8. Re1 Nf6 9. Bg5 O-O 10. Nd2 h6 11. Bh4 Re8 12. c3 c6 13. Qb3 Qb6 14.
Nf3 Qxb3 15. axb3 Be6 16. b4 a6 17. h3 Nh5 18. Bxe7 Rxe7 19. b5 Nf4 20. Bf1
cxb5 21. Bxb5 Kf8 22. Bf1 Bf5 23. Red1 Bc2 24. Rd2 Be4 25. Nh2 Bf5 26. Ng4
Bxg4 27. hxg4 Rae8 28. g3 Ne6 29. Bg2 Nc7 30. Kf1 Re6 31. Bf3 Ke7 32. Rc2
b5 33. Rcc1 Kd6 34. b3 Kd7 35. c4 Rd6 36. cxb5 Nxb5 37. Ra4 Rb8 38. Rb4
Rbb6 39. Rc5 Nc7 40. Rxb6 Rxb6 41. Bxd5 Nxd5 42. Rxd5+ Kc6 43. Rc5+ Kd7 44.
Rd5+ Kc6 45. Rf5 f6 46. Rc5+ Kb7 47. Rc3 Rb4 48. Re3 Kc6 49. Re7 Rxb3 50.
Rxg7 a5 51. Rg6 a4 52. Rxf6+ Kb5 53. Rf8 a3 54. Ra8 Kc4 55. Kg2 Rd3 56. f4
Kb3 57. f5 a2 58. f6 Rd2+ 59. Kf3 Rd1 60. g5 hxg5 61. Kg4 Rxd4+ 62. Kxg5
Ra4 63. Rxa4 Kxa4 64. f7 a1=Q 65. f8=Q Qe5+ 66. Kg4 Qe2+ 67. Qf3 Qe6+ 68.
Qf5 Qg8+ 69. Kf4 Qb8+ 70. Qe5 Qf8+ 71. Ke4 Qa8+ 72. Ke3 Qg8 73. Qd4+ Ka3
74. g4 Qe6+ 75. Kf4 Qf7+ 76. Kg3 Qe7 77. Qc3+ Ka4 78. Qf3 Qe1+ 79. Qf2 Qc3+
80. Qf3 Qe1+ 81. Kh3 Qd2 82. Qf6 Qd3+ 83. Kh4 Qh7+ 84. Kg3 Qd3+ 85. Qf3 Qd8
86. Qf4+ Ka3 87. g5 Qg8 88. Qd6+ Kb2 89. g6 Qb3+ 90. Kf4 Qc4+ 91. Kg5 Qc1+
92. Qf4 Qg1+ 93. Kf5 Kb3 94. Qf3+ Kb2 95. Qe2+ Ka3 96. Qe5 Qf1+ 97. Ke6
Qc4+ 98. Ke7 Qh4+ 99. Kf8 Qf2+ 100. Ke8 Qg2 101. g7 Qc6+ 102. Ke7 Qb7+ 103.
Kf6 Qf3+ 104. Ke6 Qb3+ 105. Qd5 Qe3+ 106. Kf7 Qf4+ 107. Kg6 Qg4+ 108. Kf7
Qf4+ 109. Ke8 Qb8+ 110. Qd8 Qb5+ 111. Qd7 Qb8+ 112. Kf7 Qf4+ 113. Kg6 Qg3+
114. Kh7 Qh4+ 115. Kg8 Qc4+ 116. Qf7 Qe4 117. Qa7+ Kb2 118. Qf2+ Ka3 119.
Qg3+ Kb2 120. Qh2+ Ka3 121. Kh8 Qd4 122. Qh3+ Kb2 123. Qg2+ Ka3 124. Qf3+
Kb2 125. Kh7 Qh4+ 1-0

[Event "Coppa del Mondo FIDE 2025"]
[Site "Goa"]
[Date "13.11.2025"]
[Round "3E"]
[White "Esipenko, Andrey"]
[Black "Keymer, Vincent"]
[Result "1-0"]
[WhiteElo "2693"]
[BlackElo "2755"]
[EventDate "2025.11.01"]
[EventType "k.o."]

1. e4 e5 2. Nf3 Nc6 3. Bc4 Nf6 4. d3 Bc5 5. Be3 Bb6 6. Qe2 O-O 7. Nbd2 d5
8. exd5 Nxd5 9. O-O-O Bxe3 10. fxe3 Nb6 11. Bb3 a5 12. a3 Qe7 13. Kb1 a4
14. Ba2 Be6 15. Bxe6 Qxe6 16. Ng5 Qe7 17. Nge4 Rad8 18. g4 Nd7 19. g5 b5
20. c3 Na5 21. Rhg1 c5 22. Rg4 Nb3 23. Rdg1 Qe6 24. Rh4 Nxd2+ 25. Qxd2 Rfe8
26. Qe2 Nf8 27. Nxc5 Qd5 28. Ne4 Qxd3+ 29. Qxd3 Rxd3 30. Rh3 Red8 31. Kc2
R3d5 32. Rf3 Ne6 33. Rgf1 R8d7 34. h4 Kf8 35. h5 Nc5 36. Nxc5 Rxc5 37. e4
Rc4 38. Re1 Rc6 39. Re2 g6 40. hxg6 hxg6 41. Rh3 Rb6 42. Rh8+ Ke7 43. Rf2
Rc6 44. Rb8 Rc5 45. Rd2 Rxd2+ 46. Kxd2 Kd7 47. Rb7+ Ke6 48. Ke3 f5 49. Rb6+
Ke7 50. Rxg6 f4+ 51. Kf3 Kf7 52. Rb6 Kg7 53. Kg4 Rc4 54. Kf5 Rc7 55. Rg6+
Kh7 56. Rh6+ Kg7 57. Kxe5 f3 58. Kd4 f2 59. Rh1 Rf7 60. Rf1 Rf3 61. e5 Kg6
62. e6 Rf5 63. Ke4 Rf8 64. e7 Re8 65. Rxf2 Rxe7+ 66. Kd4 Kxg5 67. Kc5 Re5+
68. Kb4 Kg4 69. Rc2 Kf3 70. c4 bxc4 71. Kxa4 Re8 72. Rxc4 Ke3 73. b4 1-0

[Event "Coppa del Mondo FIDE 2025"]
[Site "Goa"]
[Date "13.11.2025"]
[Round "3E"]
[White "Wei, Yi"]
[Black "Maghsoodloo, Parham"]
[Result "1/2-1/2"]
[WhiteElo "2754"]
[BlackElo "2697"]
[EventDate "2025.11.01"]
[EventType "k.o."]

1. e4 c6 2. d4 d5 3. exd5 cxd5 4. Bd3 Nc6 5. c3 e6 6. Nf3 Bd6 7. O-O Nge7
8. Re1 O-O 9. b3 Ng6 10. Ba3 Re8 11. Bxd6 Qxd6 12. Nbd2 Bd7 13. g3 f6 14.
Qb1 Nf8 15. c4 b6 16. Qb2 Rac8 17. Rac1 Ne7 18. Nf1 Red8 19. Qe2 Be8 20.
Ne3 Bh5 21. cxd5 Rxc1 22. Rxc1 Nxd5 23. Be4 Qa3 24. Qd2 a5 25. Kg2 Nb4 26.
Nc4 Qxa2 27. Qd1 Bg6 28. Bxg6 hxg6 29. Nxb6 Nd5 30. Nc4 a4 31. bxa4 Ra8 32.
a5 Rxa5 33. Rc2 Qa1 34. Rc1 Qa2 35. Rc2 Qa1 36. Rc1 1/2-1/2